| 000 | 01297nam a2200289Ia 4500 | ||
|---|---|---|---|
| 999 |
_c52684 _d52684 |
||
| 001 | 19708 | ||
| 003 | GE_BSU | ||
| 005 | 20200405205644.0 | ||
| 008 | 181216s1986||||ge |||||||||||||| ||geo|| | ||
| 040 | _cGE_BSU | ||
| 041 | _ageo | ||
| 080 | _a811.353.1'367.622 უ-30 | ||
| 100 |
_aუთურგაიძე, თ. _97216 |
||
| 245 |
_aქართული ენის სახელის მორფოლოგიური ანალიზი / _cთ. უთურგაიძე ; რედ. ზ. ჯაფარიძე. |
||
| 260 | _aთბილისი | ||
| 260 | _bმეცნიერება | ||
| 260 | _c1986 | ||
| 300 |
_a138 გვ. ; _c21 სმ. |
||
| 520 | _aრეზიუმე რუსულად | ||
| 541 | _h4ლ. | ||
| 653 | _aარსებითი სახელი ქართულ ენაში | ||
| 653 | _aქართული ენა | ||
| 653 | _aქართული ენის სახელის მორფოლოგიური ანალიზი | ||
| 700 |
_aჯაფარიძე, ზ. _eრედაქტორი _97684 |
||
| 710 |
_aსაქ. სსრ მეცნ. აკადემიის ენათმეცნიერების ინსტიტუტი _97851 |
||
| 942 |
_cBK _2udc |
||